| 000 | 01263nam0a2200361 4500 | ||
|---|---|---|---|
| 001 | RU\NLR\bibl\1849067 | ||
| 005 | 20250616174845.0 | ||
| 010 |
_a978-5-91575-030-1 _9350 |
||
| 021 |
_aRU _b2011-94053 _96743 |
||
| 035 | _a(nilc)RSL-KNO-005106019 | ||
| 035 | _a(NLR Aleph) 001839475 | ||
| 090 |
_a2252186 _c2252186 |
||
| 100 | _a20111201d1981 |||y0rusy50 ca | ||
| 101 | 0 | _arus | |
| 102 | _aRU | ||
| 105 | _aa ||||||||| | ||
| 200 | 1 |
_aВысокая рентабельность пасеки - в ваших руках _fИ.Г. Хрипун |
|
| 210 |
_aМиллерово _cОмега-Принт _d1981 |
||
| 215 |
_a139 с., [5] л. ил. _cил., портр., цв. ил., портр. _d25 |
||
| 320 | _aБиблиогр.: с. 125-127 (39 назв.) | ||
| 606 | 1 |
_aПчеловодство _9998796 _3RU\NLR\auth\6660675 |
|
| 606 | 1 |
_aПчелы _xПродуктивность _xПовышение _92032352 _3RU\NLR\auth\66936302 |
|
| 686 |
_aП691,0 _2rubbk |
||
| 686 | _aП691 | ||
| 686 | _aП691-6 | ||
| 700 | 1 |
_aХрипун _bИ. Г. _4070 |
|
| 801 | 0 |
_aRU _bRuMoRKP _c20111201 _grcr |
|
| 801 | 1 |
_aRU _bРГБ _c20111201 |
|
| 801 | 2 |
_aRU _bNLR _c20111215 _grcr |
|
| 830 | _aавт. в кат. нет | ||
| 942 | _cBOOK | ||
| 980 | _aNB | ||